000 00735cam a22002291a 4500
001 sa 64002462
003 DLC
005 20260227112009.0
008 851017s1963 ii b 000 0 eng
010 _asa 64002462
035 _a(OCoLC)12683873
040 _aDLC
_cIU
_dIU
_dDLC
042 _apremarc
050 0 0 _aK3165
_b.K364 1963
100 1 _aKapur, Anup Chand.
245 1 0 _aMajor governments :
_b(England, U.S.A., Canada, Switzerland, U.S.S.R., and People's Republic of China) /
_cby Anup Chand Kapur.
260 _aDelhi :
_bS. Chand,
_c1963.
300 _aii, 589 p. ;
_c22 cm.
504 _aIncludes bibliographies.
500 _aOriginally published under title: Select constitutions.
650 0 _aConstitutional law.
999 _c57322
_d57322